Historia de las traducciones literarias del italiano al español durante el Siglo de Oro (Record no. 140639)

MARC details
000 -LEADER
campo de control de longitud fija 00876nam a2200217 4500
001 - NÚMERO DE CONTROL
campo de control 140639
003 - IDENTIFICADOR DE NÚMERO DE CONTROL
campo de control ES-MaACL
005 - FECHA Y HORA DE LA ÚLTIMA TRANSACCIÓN
campo de control 20231229180524.0
007 - CAMPO FIJO DE DESCRIPCIÓN FÍSICA--INFORMACIÓN GENERAL
campo de control de longitud fija t|
008 - DATOS DE LONGITUD FIJA--INFORMACIÓN GENERAL
campo de control de longitud fija 070214s1985 sp r ||||1| spa d
100 1# - ENTRADA PRINCIPAL--NOMBRE DE PERSONA
Nombre de persona Seco Santos, Esperanza.
9 (RLIN) 105053
245 10 - MENCIÓN DEL TÍTULO
Título Historia de las traducciones literarias del italiano al español durante el Siglo de Oro
Resto del título : influencias /
Mención de responsabilidad, etc. Esperanza Seco Santos.
260 ## - PUBLICACIÓN, DISTRIBUCIÓN, ETC.
Lugar de publicación, distribución, etc. Madrid :
Nombre del editor, distribuidor, etc. Universidad Complutense. Departamento de Literatura Hispánica. Facultad de Filología. Servicio de Reprografía,
Fecha de publicación, distribución, etc. 1985.
300 ## - DESCRIPCIÓN FÍSICA
Extensión 760 p. :
Otras características físicas il. ;
Dimensiones 21 cm.
490 1# - MENCIÓN DE SERIE
Mención de serie Tesis doctorales ;
Designación de volumen o secuencia 71-85
500 ## - NOTA GENERAL
Nota general es un ejemplar fotocopiado.
710 20 - ENTRADA AGREGADA--NOMBRE DE ENTIDAD CORPORATIVA
Nombre de entidad corporativa o nombre de jurisdicción como elemento de entrada Universidad Complutense de Madrid.
Unidad subordinada Facultad de Filología
9 (RLIN) 7120
830 0# - PUNTO DE ACCESO ADICIONAL DE SERIE-TÍTULO UNIFORME
Título uniforme Tesis doctorales ;
Designación de volumen o secuencia 71-85
9 (RLIN) 177408
852 ## - LOCALIZACIÓN
Ubicación ES-MaACL
Número de control de estantería G-7080
Sublocalización o colección R.114968
Holdings
Estatus retirado Estado de pérdida Estado de daño No para préstamo Biblioteca de origen Biblioteca actual Ubicación en estantería Fecha de adquisición Fuente de adquisición Total de préstamos Signatura topográfica completa Código de barras Visto por última vez Precio de reemplazo Tipo de ítem Koha
        Biblioteca del Ateneo de Madrid Biblioteca del Ateneo de Madrid Depósito 2 17/01/2008     G-7080 1146351 23/02/2023 23/02/2023 Libro impreso